000 00357nam a2200145Ia 4500
008 230917s9999||||xx |||||||||||||| ||und||
040 _e78502
_aMAIN
041 _aEnglish
082 _a340.058 Y32Y
100 _aJacobs, F G, ed.
245 0 _aYearbook of European law, v1-1981
260 _aOxford
_bClarendon
_c1982
300 _ax, 470 p.
942 _cBK
999 _c36779
_d36779